00828cam a2200217 i 4500001000800000005001700008008004100025010001700066020001500083040001800098050002900116100003800145240003000183245008400213250001800297260003900315300003700354500013100391504005100522700003700573220644120160811093703.0741122r19751937mauc b 001 0 eng  a 74030151  a0395204305 aDLCcDLCdDLC00aPS3042.H3 1975b.H3 19751 aThoreau, Henry David,d1817-1862.10aWorks.kSelections.f197514aThe selected works of Thoreau /crev. and with a new introd. by Walter Harding. aCambridge ed. aBoston :bHoughton Mifflin,c1975. axxvii, 851 p. :bport. ;c24 cm. aTexts from Thoreau in the present edition are those originally published in 1937 in Works, selected and edited by H. S. Canby. aIncludes bibliographical references and index.1 aHarding, Walter Roy,d1917-eed.